000 00384cam a22001337a 4500
008 180718b1963 xxu||||| |||| 00| 0 eng d
082 _aT19x6 L589
245 _aEmerging Africa
_cedited by William H. Lewis
260 _aWashington, D.C.
_bPublic Affairs
_c1963
300 _a138p.
650 _aAfrica Politics
650 _aAfrica - Economic Conditions
700 _aLewis, William H.
999 _c372311
_d372311